Statistics for Chilean musicians and bands

Click here to take the quiz!

General Stats

  • This quiz has been taken 8 times
  • The average score is 8 of 13

Answer Stats

HintAnswer% Correct
their name is the contraction of the
words high and bass
Los Jaivas
100%
they had a brief return in 2019Los Bunkers
88%
was killed by the dictatorship in
1973
Victor Jara
88%
her real name is monserrat bustamanteMon Laferte
75%
was born in chillan in 1917Violeta Parra
75%
this band is called after a sauce that
conatins tomato and is made in a mortar
chancho en piedra
63%
its name means lightning in quechuaIllapu
63%
it means sun and golden eagle in
quechua and ayamra respectively
Inti llimani
50%
was a tv presenter in "canal 13"Luis Jara
50%
she got famous after passing through
the talent show "rojo"
Paloma Mami
50%
was the vocalist of the band "La noche"Leo Rey
38%
compiler and researcher of chilean
folklore
Margot Loyola
25%
this group was founded by the Labra
brothers in 1978
Sol y Lluvia
25%

Score Distribution

Percentile by Number Answered

Percent of People with Each Score

Your Score History

You have not taken this quiz